00636 2200229 4500001002100000005001500021035002000036245005400056100001600110250001000126300003700136260003500173082001000208084001600218020001600234600003100250600003400281600004000315505001100355990002000366990002000386INLIS00000000000496020240215100052 a0010-02240000481 aRekayasa Genetika/Sains Masa Depan /cAnne Rooney0 aAnne Rooney aCet.1 a48 hlm, :bilus ;c17 x 24,3 cm. aBandung; :bPakar Raya,c2007. a575.1 a553.7 SAR a a979534389-0 aPewajah Ulang,Deni sarjoko aPenggambar Ulang,Eka Ernawati aPengendali Mutu,Rachmad Isnanto S.S aIndeks a12434/P/BL/2016 a12431/P/BL/2016